| 000 | 00937nam0a22002531 4500 | ||
|---|---|---|---|
| 001 | rc\710567 | ||
| 005 | 20031121170807.5 | ||
| 035 | _a(NLR Aleph) 005945660 | ||
| 090 |
_a6725769 _c6725769 |
||
| 100 | _a20031121d1985 u |0rusy50 ca | ||
| 101 | 0 | _arus | |
| 102 | _aRU | ||
| 105 | _ay ||||||||| | ||
| 200 | 1 |
_aВлияние аномального магнитного момента нейтрона на бета-распад в поле электромагнитной волны _fО.С. Павлова, В.Н. Родионов, А.Е. Лобанов, О.Ф. Дорофеев |
|
| 210 |
_aМ. _cБ. и. _d1985 |
||
| 215 |
_a4 с. _d20 |
||
| 225 | 1 |
_aПрепринт _fМГУ им. М.В. Ломоносова, Физ. фак. _v№ 10 |
|
| 320 | _aБиблиогр.: с. 4 | ||
| 701 | 1 |
_aПавлова _bО. С. |
|
| 801 | 0 |
_aRU _bNLR _gpsbo |
|
| 801 | 1 |
_aRU _bELAR _2rusmarc |
|
| 852 |
_aNLR _j85-4/30645 |
||
| 942 | _cBOOK | ||
| 980 | _aNB | ||